|
|
|
|
| LEADER |
00665nam a22002051a 4500 |
| 020 |
|
|
|a 9780198529996
|c 0.00
|
| 040 |
|
|
|a SSUS - Library - Kalady
|
| 082 |
|
|
|a 362.22
|b TOM/C
|
| 100 |
|
|
|a Tom Burns
|
| 245 |
|
|
|a Community mental health teams : a guide to current practices
|h [Text]
|
| 260 |
|
|
|b OUP
|c 2004
|
| 300 |
|
|
|a 211p
|
| 600 |
|
|
|a Community mental health
|
| 600 |
|
|
|a Mental Health
|
| 600 |
|
|
|a Social Welfare
|
| 600 |
|
|
|a Social Sciences
|
| 852 |
|
|
|h 362.22
|i TOM/C
|p 050644
|9 0.00
|t 0
|
| 942 |
|
|
|c BK
|
| 999 |
|
|
|c 8331
|d 8331
|
| 952 |
|
|
|0 0
|1 0
|4 0
|6 362_220000000000000_TOM_C
|7 0
|9 12385
|a SSUS
|b SSUS
|d 2015-01-08
|g 0.00
|o 362.22 TOM/C
|p 050644
|r 2015-01-08
|v 0.00
|w 2015-01-08
|y BK
|